000 00359nam a2200145Ia 4500
008 210210b1988 xxu||||| |||| 00| 0 eng d
082 _a539.764 VORS
100 _aVORONOV (G S).
245 _aStorming the fortress of fusion.
260 _aMoscow
_bMir Publishers
_c1988
300 _a335
650 _aFussion
690 _aAtomic Physics
906 _a042816
999 _c92692
_d92692